02316cam a2200313 i 450000100090000000300050000900500170001400800410003101000170007202000310008902000310012002000270015103800100017804000280018804200080021605000260022408200190025010000320026924500370030125000190033826000400035730000190039733600260041633700280044233800270047052013600049756300070185777601380186421525293NUST20221019152603.0200508s2021 nyu 000 1 eng  a 2020021074 a9780525656975q(hardcover) a9781984897701q(paperback) z9780525656982q(ebook) aAzhar aDLCbengerdacDLCdDLC apcc00aPS3619.H586bG74 202100a813.6223bSHI1 aShipstead, Maggie,eauthor.10aGreat circle cMaggie Shipstead. aFirst edition. aNew York :bAlfred A. Knopf,c2021. a593 p ;c25 cm atextbtxt2rdacontent aunmediatedbn2rdamedia avolumebnc2rdacarrier a"After being rescued as infants from a sinking ocean liner in 1914, Marian and Jamie Graves are raised by their dissolute uncle in Missoula, Montana. There --after encountering a pair of pilots passing through town in a beat up Cessna--Marian commences her lifelong love affair with flight. At fifteen, she drops out of school and finds an unexpected and dangerous patron in a wealthy rancher who provides a plane and subsidizes her lessons, an arrangement that will haunt her for the rest of her life, even as it allows her to fulfill her destiny: circumnavigating the globe and piloting her plane over the Arctic Circle. A century later, Hadley Baxter is cast to play Marian in a film that centers on Marian's disappearance over the South Pacific. Vibrant, canny, disgusted with the claustrophobia of Hollywood, Hadley is eager to re-define herself after a romantic film franchise has imprisoned her in the grip of cult celebrity. Her immersion into the character of Marian unfolds, thrillingly, alongside Marian's own story, as the two womens' fates--and their hunger for self-determination in vastly different geographies and times-- collide. Epic and emotional, meticulously researched and gloriously told, Great Circle is a monumental work of art, and a tremendous leap forward for the prodigiously gifted Maggie Shipstead"--cProvided by publisher. aHB08iOnline version:aShipstead, Maggie,tGreat circlebFirst edition.dNew York : Alfred A. Knopf, 2021.z9780525656982w(DLC) 2020021075